<Le> commerce international un véritable tour de force
Salvato in:
| Autore principale: | |
|---|---|
| Natura: | Libro |
| Lingua: | francese |
| Pubblicazione: |
Paris
<La> Découverte
2003
|
| Edizione: | 9e éd. |
| Serie: | Reperes
65 |
| Soggetti: | |
| Tags: |
Nessun Tag, puoi essere il primo ad aggiungerne!!
|
MARC
| LEADER | 00000nam$a2200000$$$4500 | ||
|---|---|---|---|
| 001 | 0115585 | ||
| 005 | 20240315120442.6 | ||
| 020 | |a 2-7071-4091-0 | ||
| 041 | 0 | |a fre | |
| 044 | |a FR | ||
| 245 | 1 | 0 | |a <Le> commerce international |b un véritable tour de force |c Michel Rainelli |
| 250 | |a 9e éd. | ||
| 264 | 1 | |a Paris |b <La> Découverte |c 2003 | |
| 300 | |a 120 s. | ||
| 490 | 1 | |a Reperes |v 65 | |
| 830 | 0 | |a Reperes |v 65 | |
| 610 | 2 | 0 | |a obchod medzinárodný |
| 610 | 2 | 0 | |a vývoj |
| 610 | 2 | 0 | |a teória obchodu |
| 610 | 2 | 0 | |a obchod voľný |
| 610 | 2 | 0 | |a bilancia obchodná |
| 610 | 2 | 0 | |a podnik obchodný |
| 610 | 2 | 0 | |a podnik multinacionálny |
| 100 | 1 | |a Rainelli, Michel | |